| 000 | 01059nam a2200301 a 4500 | ||
|---|---|---|---|
| 001 | 000046773 | ||
| 003 | DO-SdBNP | ||
| 005 | 20240302073951.0 | ||
| 007 | ta | ||
| 008 | 090723e2014 dr a br 000 edspa d | ||
| 020 | _a9789945468250 | ||
| 040 |
_aDO-SdBNP _bspa _cBNPHU |
||
| 082 | 4 |
_a923.2 _bC343j, 2014 _222 |
|
| 100 | 1 |
_aCassá, Roberto, _d1948- _910888 |
|
| 245 | 1 | 0 |
_aJosé Núñez de Cáceres : _bprecursor de la independencia / _cRoberto Cassá ; ilustraciones José Mercader. |
| 250 | _a3a. ed. | ||
| 260 |
_aSanto Domingo : _bTobogan, _c2014 |
||
| 300 |
_a50 p. : _bil. ; _c23 cm. |
||
| 490 | 1 | _aBiografías Dominicanas, Tobogán ; | |
| 500 | _aIncluye datos biografícos del autor e ilustrador | ||
| 504 | _aBiografía p: 47-48 | ||
| 590 | _aInventariado, 2018 / YL | ||
| 600 | 1 | 0 |
_aNúñez de Cáceres, José, _d1772-1846 _913255 |
| 650 | 4 |
_aRepública dominicana _xBiografías _930688 |
|
| 651 | 4 |
_aRepública Dominicana _xHistoria _951162 _vOcupación Haitiana, _y1922-1844 |
|
| 700 | 1 |
_aMercader, José _eil. _956560 |
|
| 942 |
_2ddc _cLBS1 |
||
| 999 |
_c46262 _d46262 |
||